| 000 | 01027nam a22002297a 4500 | ||
|---|---|---|---|
| 005 | 20250411124136.0 | ||
| 008 | 250411b |||||||| |||| 00| 0 eng d | ||
| 020 | _a978-93-88359-40-5 (hbk) | ||
| 037 | _cTB | ||
| 040 |
_aCRL _cCRL |
||
| 041 |
_2hin _ahin |
||
| 084 |
_aO152,6N43:g Q9 _qCRL |
||
| 100 | _aपालीवाल, कृष्णदत्त | ||
| 245 | _aहिन्दी आलोचना का उत्तर - आधुनिक विमर्श | ||
| 260 |
_aनई दिल्ली, भारत: _bसस्ता साहित्य मण्डल प्रकाशन, _c2019. |
||
| 300 | _a291पृ0 | ||
| 365 |
_b400.00 _cINR |
||
| 650 | _aहिन्दी निबंध | ||
| 650 | _aआलोचना | ||
| 942 |
_2CC _cTB _hO152,6N43:g Q9 _n0 |
||
| 999 |
_c1308865 _d1308865 |
||